000 00337nam a2200133Ia 4500
008 240624s9999 xx 000 0 und d
041 _aeng
082 _a332.6 MCG
100 _aMCGINN JEFFREY
245 _aTAIL RISK KILLERS HOW MATH INDETERMINACY
260 _c2012
_aNew York
_bMcGraw-Hill
300 _a374p. ;23cm.
365 _c
_b33
999 _c32766
_d32766